[Event "Liga Madrileña - DH 2017-2018"]
[Site "Madrid ESP"]
[Date "2018.02.25"]
[Round "11.15"]
[White "Collado Barbas, Laura"]
[Black "Prada Lopez, Miguel Angel"]
[Result "0-1"]
[WhiteElo "2111"]
[BlackElo "2077"]
[PlyCount "142"]
[EventDate "2017.11.19"]
[EventType "team-tourn"]
[EventRounds "14"]
[EventCountry "ESP"]
[SourceTitle "Ajedrez en Madrid"]
[Source "lmi"]
[SourceDate "2017.11.19"]
[WhiteTeam "La Casa del Ajedrez"]
[BlackTeam "Alcorcon"]
[WhiteTeamCountry "ESP"]
[BlackTeamCountry "ESP"]

1. d4 Nf6 2. c4 e6 3. Nc3 Bb4 4. Qc2 c5 5. dxc5 O-O 6. Bg5 h6 7. Bd2 Bxc5 8.
Nf3 d5 9. e3 Nc6 10. a3 a6 11. b4 Ba7 12. c5 e5 13. Na4 Bg4 14. Bc3 d4 15.
O-O-O e4 16. h3 d3 17. Bxd3 exd3 18. Rxd3 Bd7 19. Rhd1 Nb8 20. Nb2 Qe7 21. Rd6
Ne8 22. R6d5 Be6 23. Rh5 Nf6 24. Rh4 Nbd7 25. g4 Bd5 26. Nd4 Be4 27. Qd2 Nd5
28. Rh5 N7f6 29. Nf5 Bxf5 30. Rxf5 Nxc3 31. Qxc3 Rad8 32. Rg1 Ne4 33. Qb3 Qe6
34. Nc4 Bb8 35. Qc2 Rd5 36. Rxd5 Qxd5 37. Rd1 Qe6 38. f4 f5 39. Rd4 Re8 40.
gxf5 Qxf5 41. Qa4 Nf6 42. Qb3 Kh7 43. Qc2 Qxc2+ 44. Kxc2 Re7 45. Kd3 Kg6 46.
Nb6 Bc7 47. Nd5 Nxd5 48. Rxd5 Kf6 49. h4 g6 50. Kd4 Ke6 51. Ke4 Kf6+ 52. Kf3 h5
53. e4 Ke6 54. Rg5 Kf7 55. Ke3 Bd8 56. f5 gxf5 57. Rxf5+ Kg6 58. Rg5+ Kh6 59.
Rd5 Bc7 60. Kd4 Bg3 61. e5 Bxh4 62. Ke4 Kg5 63. a4 Kg4 64. b5 axb5 65. axb5 Bg3
66. c6 h4 67. cxb7 Rxb7 68. Rd8 Rxb5 69. Rg8+ Kh3 70. Kf3 Rxe5 71. Rf8 Ra5 0-1

[Event "Liga Madrileña - DH 2017-2018"]
[Site "Madrid ESP"]
[Date "2018.02.24"]
[Round "11.21"]
[White "Moreno Trujillo, Alejandro"]
[Black "Valles Moreno, Ivan"]
[Result "1/2-1/2"]
[WhiteElo "2488"]
[BlackElo "2422"]
[PlyCount "117"]
[EventDate "2017.11.19"]
[EventType "team-tourn"]
[EventRounds "14"]
[EventCountry "ESP"]
[SourceTitle "Ajedrez en Madrid"]
[Source "lmi"]
[SourceDate "2017.11.19"]
[WhiteTeam "64 Villalba"]
[BlackTeam "Liberty Chess"]
[WhiteTeamCountry "ESP"]
[BlackTeamCountry "ESP"]

1. d4 d5 2. c4 e6 3. Nf3 Nf6 4. g3 Be7 5. Bg2 O-O 6. O-O dxc4 7. Qc2 b5 8. a4
b4 9. Ne5 Qxd4 10. Bxa8 Qxe5 11. Bf3 Ba6 12. Bf4 Qc5 13. Be3 Qa5 14. Nd2 b3 15.
Qc1 Qb4 16. Bxa7 Nd5 17. Ne4 Nc6 18. Be3 Ne5 19. Bg2 c3 20. Nxc3 Nxc3 21. Qxc3
Qxc3 22. bxc3 Nc4 23. Rfb1 b2 24. Ra2 Rb8 25. Be4 Rb3 26. Bc2 Rxc3 27. Rbxb2
Nxb2 28. Rxb2 f5 29. Bb3 Kf7 30. Bd2 Rc6 31. Kf1 Rb6 32. Rb1 Bf6 33. Ba5 Rb7
34. Bc2 Rxb1+ 35. Bxb1 c5 36. Ke1 Ke7 37. Kd2 Kd6 38. Ba2 h5 39. e3 h4 40. Bc3
hxg3 41. hxg3 e5 42. Bb1 g6 43. f3 Bd8 44. Bd3 c4 45. Bb4+ Kd5 46. e4+ Ke6 47.
Be2 Bb6 48. Bc3 Bf2 49. g4 fxg4 50. fxg4 Bh4 51. Ba5 Bf2 52. Kc2 Bd4 53. g5 Ke7
54. Bb4+ Kf7 55. Bd6 Ke6 56. Bb4 Bf2 57. Bg4+ Kf7 58. Bd6 Bd4 59. Be2 1/2-1/2

[Event "Liga Madrileña - DH 2017-2018"]
[Site "Madrid ESP"]
[Date "2018.02.24"]
[Round "11.22"]
[White "Moreno Ibañez, Miguel"]
[Black "Garrido Dominguez, Jesus"]
[Result "1/2-1/2"]
[WhiteElo "2270"]
[BlackElo "2395"]
[PlyCount "131"]
[EventDate "2017.11.19"]
[EventType "team-tourn"]
[EventRounds "14"]
[EventCountry "ESP"]
[SourceTitle "Ajedrez en Madrid"]
[Source "lmi"]
[SourceDate "2017.11.19"]
[WhiteTeam "Liberty Chess"]
[BlackTeam "64 Villalba"]
[WhiteTeamCountry "ESP"]
[BlackTeamCountry "ESP"]

1. e4 d6 2. d4 Nf6 3. Nc3 e5 4. Nf3 Nbd7 5. g4 Nxg4 6. Rg1 exd4 7. Qxd4 Nde5 8.
Nxe5 dxe5 9. Qxd8+ Kxd8 10. Be2 Nf6 11. Bg5 c6 12. O-O-O+ Kc7 13. f4 Be6 14.
fxe5 Nd7 15. Nd5+ Kc8 16. Nf4 Bc5 17. Rg3 Nxe5 18. Nxe6 fxe6 19. Rc3 Bb4 20.
Rb3 Ba5 21. Bf1 Nf7 22. Bh4 Bd8 23. Bg3 Bg5+ 24. Kb1 Rd8 25. Rxd8+ Nxd8 26. Rf3
Bf6 27. Rd3 a5 28. Bh3 Ra6 29. c4 c5 30. Bf2 Rc6 31. Bg3 Nf7 32. Rd1 a4 33. Kc2
Rb6 34. Rb1 Kd7 35. Bf2 Nd6 36. Bxc5 Rc6 37. Bxd6 Rxc4+ 38. Kd3 Rd4+ 39. Ke3
Rxd6 40. Bf1 Bd4+ 41. Kf3 Rb6 42. b3 e5 43. Bc4 a3 44. Bd5 Rf6+ 45. Kg3 Rf2 46.
b4 Kc7 47. Rc1+ Kb8 48. Rd1 Bb6 49. Rd3 Rb2 50. Rxa3 Bf2+ 51. Kg4 Be1 52. Rh3
h6 53. Kf5 Bxb4 54. Kxe5 Ba5 55. Ke6 Kc7 56. Rb3 Rxb3 57. axb3 Bc3 58. h4 h5
59. e5 b6 60. Bf3 Be1 61. Kf7 Bxh4 62. Bxh5 Kd8 63. Kxg7 Ke7 64. Bg4 Bg3 65. e6
Bf2 66. Kg6 1/2-1/2

[Event "Liga Madrileña - DH 2017-2018"]
[Site "Madrid ESP"]
[Date "2018.02.24"]
[Round "11.23"]
[White "Loeffler, Stefan"]
[Black "Sanchez Gonzalez, Sergio"]
[Result "1-0"]
[WhiteElo "2371"]
[BlackElo "2290"]
[PlyCount "87"]
[EventDate "2017.11.19"]
[EventType "team-tourn"]
[EventRounds "14"]
[EventCountry "ESP"]
[SourceTitle "Ajedrez en Madrid"]
[Source "lmi"]
[SourceDate "2017.11.19"]
[WhiteTeam "64 Villalba"]
[BlackTeam "Liberty Chess"]
[WhiteTeamCountry "ESP"]
[BlackTeamCountry "ESP"]

1. d4 Nf6 2. Bg5 c6 3. Bxf6 exf6 4. e3 d5 5. Bd3 Qb6 6. b3 c5 7. h3 Be6 8. Nf3
Nc6 9. O-O Be7 10. Nc3 Qa5 11. Nxd5 Bxd5 12. e4 cxd4 13. exd5 Qxd5 14. Re1 Qc5
15. Be4 O-O-O 16. Bxc6 bxc6 17. Re4 f5 18. Re5 Qd6 19. Qd3 Bf6 20. Ra5 Kb8 21.
Rb1 Qb4 22. Ne5 Bxe5 23. Rxe5 f6 24. Rxf5 Rd7 25. Qe4 Kc7 26. c3 Qxc3 27. b4
Rd5 28. Qe7+ Rd7 29. Qe4 Rd5 30. Rxd5 cxd5 31. Qxd5 d3 32. Qa5+ Kb8 33. Rd1 Qc4
34. b5 Qc2 35. Rd2 Qb1+ 36. Kh2 Rc8 37. Qa3 Rd8 38. b6 axb6 39. Rb2 Qe1 40.
Rxb6+ Kc8 41. Qc5+ Kd7 42. Qd5+ Ke8 43. Re6+ Kf7 44. Rd6+ 1-0

[Event "Liga Madrileña - DH 2017-2018"]
[Site "Madrid ESP"]
[Date "2018.02.24"]
[Round "11.24"]
[White "Perez Gonzalez, Jose Manuel"]
[Black "Ruperez Benito, Antonio"]
[Result "1-0"]
[WhiteElo "2262"]
[BlackElo "2348"]
[PlyCount "161"]
[EventDate "2017.11.19"]
[EventType "team-tourn"]
[EventRounds "14"]
[EventCountry "ESP"]
[SourceTitle "Ajedrez en Madrid"]
[Source "lmi"]
[SourceDate "2017.11.19"]
[WhiteTeam "Liberty Chess"]
[BlackTeam "64 Villalba"]
[WhiteTeamCountry "ESP"]
[BlackTeamCountry "ESP"]

1. e4 e6 2. d4 d5 3. Nd2 Nf6 4. e5 Nfd7 5. Bd3 c5 6. c3 Nc6 7. Ne2 cxd4 8. cxd4
f6 9. Nf4 Nxd4 10. Qh5+ Ke7 11. exf6+ Nxf6 12. Ng6+ hxg6 13. Qxh8 Kf7 14. Qh4
e5 15. Nf3 Nxf3+ 16. gxf3 Bf5 17. Bxf5 gxf5 18. Bg5 Qa5+ 19. Kf1 Be7 20. Kg2 d4
21. Qh3 g6 22. Rhg1 Nh5 23. Kh1 Bf6 24. Bxf6 Nxf6 25. Rac1 Rg8 26. a3 d3 27.
Rgd1 Rd8 28. Qh4 f4 29. Rc3 d2 30. Qh3 Rd4 31. Qc8 Rd7 32. Qc4+ Qd5 33. Qxd5+
Rxd5 34. Rc2 Rd3 35. Rdxd2 Rxf3 36. Rc7+ Ke6 37. Rxb7 Ne4 38. Re2 Nd6 39. Rxa7
Rd3 40. Ra5 e4 41. Rg5 Kf6 42. Rg1 Kf5 43. a4 Nc4 44. Rc2 Ne5 45. a5 Nf3 46.
Ra1 Rd8 47. Rc3 e3 48. Kg2 Nh4+ 49. Kf1 Rd2 50. fxe3 f3 51. a6 Rxh2 52. Ra4 g5
53. Rxh4 Rxh4 54. a7 Rh8 55. Ra3 Ra8 56. Kf2 g4 57. Ra4 Ke5 58. Kg3 Kd5 59.
Rxg4 Rxa7 60. Kxf3 Rf7+ 61. Rf4 Rb7 62. b4 Ke5 63. Re4+ Kd5 64. Rh4 Rf7+ 65.
Ke2 Ra7 66. Rd4+ Ke5 67. Kd3 Ra3+ 68. Kc4 Rxe3 69. Rd8 Kf6 70. b5 Ke7 71. Rd5
Re1 72. Kc5 Rc1+ 73. Kb6 Rb1 74. Rd2 Rb3 75. Kc6 Rc3+ 76. Kb7 Rb3 77. b6 Rb1
78. Kc7 Rc1+ 79. Kb8 Rb1 80. b7 Ke6 81. Ra2 1-0

[Event "Liga Madrileña - DH 2017-2018"]
[Site "Madrid ESP"]
[Date "2018.02.24"]
[Round "11.25"]
[White "Longa Yauca, Javier"]
[Black "Hinojar Diez, David"]
[Result "1-0"]
[WhiteElo "2211"]
[BlackElo "2106"]
[PlyCount "67"]
[EventDate "2017.11.19"]
[EventType "team-tourn"]
[EventRounds "14"]
[EventCountry "ESP"]
[SourceTitle "Ajedrez en Madrid"]
[Source "lmi"]
[SourceDate "2017.11.19"]
[WhiteTeam "64 Villalba"]
[BlackTeam "Liberty Chess"]
[WhiteTeamCountry "ESP"]
[BlackTeamCountry "ESP"]

1. d4 Nf6 2. Nf3 d5 3. e3 e6 4. Bd3 Be7 5. Nbd2 O-O 6. b3 b6 7. Bb2 Bb7 8. O-O
Nbd7 9. c4 Ne4 10. Rc1 Bd6 11. Qe2 f5 12. Rfd1 Rf6 13. c5 Nxd2 14. Qxd2 bxc5
15. dxc5 Nxc5 16. Bxf6 Qxf6 17. Qa5 Nxd3 18. Rxd3 a6 19. Rdd1 Qe7 20. b4 Rf8
21. a3 e5 22. Rxd5 Bxd5 23. Qxd5+ Qf7 24. Rd1 Qxd5 25. Rxd5 Kf7 26. Ra5 Kf6 27.
Rxa6 Rb8 28. Kf1 Rb5 29. Ke2 Ke6 30. Nd2 Kd5 31. e4+ Kd4 32. f3 g6 33. Rc6 fxe4
34. fxe4 1-0

[Event "Liga Madrileña - DH 2017-2018"]
[Site "Madrid ESP"]
[Date "2018.02.24"]
[Round "11.26"]
[White "Suarez Triguero, Jose Alfonso"]
[Black "Gimenez Menchon, Cesar"]
[Result "0-1"]
[WhiteElo "2058"]
[BlackElo "2165"]
[PlyCount "58"]
[EventDate "2017.11.19"]
[EventType "team-tourn"]
[EventRounds "14"]
[EventCountry "ESP"]
[SourceTitle "Ajedrez en Madrid"]
[Source "lmi"]
[SourceDate "2017.11.19"]
[WhiteTeam "Liberty Chess"]
[BlackTeam "64 Villalba"]
[WhiteTeamCountry "ESP"]
[BlackTeamCountry "ESP"]

1. e4 c6 2. d4 d5 3. exd5 cxd5 4. Bd3 Nf6 5. h3 Nc6 6. c3 Qc7 7. Nf3 g6 8. Na3
a6 9. Nc2 Bf5 10. Bxf5 gxf5 11. Qe2 e6 12. Bg5 Ne4 13. Bh4 Rg8 14. Nd2 Rxg2 15.
Nxe4 fxe4 16. O-O-O Qf4+ 17. Ne3 Bh6 18. Qh5 Rg6 19. Kb1 Ne7 20. Bxe7 Kxe7 21.
Rhf1 b5 22. Rde1 f5 23. Qd1 Qd6 24. Qh5 Rag8 25. f3 Bxe3 26. fxe4 f4 27. exd5
Qxd5 28. Qxh7+ R6g7 29. Qh4+ Qg5 0-1

[Event "Liga Madrileña - DH 2017-2018"]
[Site "Madrid ESP"]
[Date "2018.02.25"]
[Round "11.31"]
[White "Lianes Garcia, Marcos"]
[Black "Almagro Llamas, Pablo"]
[Result "0-1"]
[WhiteElo "2351"]
[BlackElo "2483"]
[PlyCount "60"]
[EventDate "2017.11.19"]
[EventType "team-tourn"]
[EventRounds "14"]
[EventCountry "ESP"]
[SourceTitle "Ajedrez en Madrid"]
[Source "lmi"]
[SourceDate "2017.11.19"]
[WhiteTeam "Villaverde"]
[BlackTeam "Virgen de Atocha"]
[WhiteTeamCountry "ESP"]
[BlackTeamCountry "ESP"]

1. d4 Nf6 2. c4 e6 3. Nf3 Bb4+ 4. Bd2 Qe7 5. a3 Bxd2+ 6. Nbxd2 d6 7. e4 e5 8.
d5 O-O 9. g3 a5 10. b4 Na6 11. Rb1 Bd7 12. Bd3 axb4 13. axb4 c5 14. dxc6 bxc6
15. O-O Rfb8 16. b5 Nc5 17. Qc2 Qe8 18. Nb3 Nxd3 19. Qxd3 cxb5 20. Nbd2 bxc4
21. Nxc4 d5 22. Nb6 dxe4 23. Qd6 exf3 24. Nxa8 Rxa8 25. Rb3 h5 26. Rxf3 Ne4 27.
Qb4 Ng5 28. Rc3 Qe6 29. h4 Nh3+ 30. Kh2 Nxf2 0-1

[Event "Liga Madrileña - DH 2017-2018"]
[Site "Madrid ESP"]
[Date "2018.02.25"]
[Round "11.32"]
[White "Espinosa Aranda, Angel"]
[Black "Diezma Aganzo, Jose Luis"]
[Result "1-0"]
[WhiteElo "2470"]
[BlackElo "2241"]
[PlyCount "59"]
[EventDate "2017.11.19"]
[EventType "team-tourn"]
[EventRounds "14"]
[EventCountry "ESP"]
[SourceTitle "Ajedrez en Madrid"]
[Source "lmi"]
[SourceDate "2017.11.19"]
[WhiteTeam "Virgen de Atocha"]
[BlackTeam "Villaverde"]
[WhiteTeamCountry "ESP"]
[BlackTeamCountry "ESP"]

1. d4 Nf6 2. g3 g6 3. Bg2 Bg7 4. e4 d6 5. Nc3 O-O 6. Nge2 c6 7. a4 e5 8. O-O
Qc7 9. h3 Nbd7 10. a5 Rb8 11. Be3 b6 12. axb6 axb6 13. d5 Bb7 14. Qd2 Rfc8 15.
Rfd1 Bf8 16. g4 Ra8 17. Ng3 Rxa1 18. Rxa1 Ra8 19. Rd1 b5 20. dxc6 Bxc6 21. g5
Ne8 22. Nd5 Qb7 23. Nb4 Nb6 24. b3 Bd7 25. Kh2 Rc8 26. Ra1 Ra8 27. Qc3 Rc8 28.
Qe1 Be6 29. Ra6 Nd7 30. Ra7 1-0

[Event "Liga Madrileña - DH 2017-2018"]
[Site "Madrid ESP"]
[Date "2018.02.25"]
[Round "11.33"]
[White "Quispe Arteaga, Gabriel"]
[Black "Rubio Mejia, Luis Ignacio"]
[Result "1/2-1/2"]
[WhiteElo "2287"]
[BlackElo "2447"]
[PlyCount "44"]
[EventDate "2017.11.19"]
[EventType "team-tourn"]
[EventRounds "14"]
[EventCountry "ESP"]
[SourceTitle "Ajedrez en Madrid"]
[Source "lmi"]
[SourceDate "2017.11.19"]
[WhiteTeam "Villaverde"]
[BlackTeam "Virgen de Atocha"]
[WhiteTeamCountry "ESP"]
[BlackTeamCountry "ESP"]

1. d4 Nf6 2. Nf3 e6 3. c4 Bb4+ 4. Bd2 c5 5. Bxb4 cxb4 6. g3 b6 7. Bg2 Bb7 8.
O-O O-O 9. Nbd2 a5 10. Re1 d6 11. e4 Nfd7 12. Qc2 e5 13. Rad1 Qc7 14. Nf1 Nf6
15. Nh4 Nc6 16. dxe5 dxe5 17. Ne3 Nd4 18. Qd3 Rad8 19. Nd5 Bxd5 20. exd5 Nd7
21. b3 Nc5 22. Qb1 Qd6 1/2-1/2

[Event "Liga Madrileña - DH 2017-2018"]
[Site "Madrid ESP"]
[Date "2018.02.25"]
[Round "11.34"]
[White "Plazuelo Pascual, Juan"]
[Black "Iagar, Razvan Gabriel"]
[Result "1/2-1/2"]
[WhiteElo "2340"]
[BlackElo "2185"]
[PlyCount "81"]
[EventDate "2017.11.19"]
[EventType "team-tourn"]
[EventRounds "14"]
[EventCountry "ESP"]
[SourceTitle "Ajedrez en Madrid"]
[Source "lmi"]
[SourceDate "2017.11.19"]
[WhiteTeam "Virgen de Atocha"]
[BlackTeam "Villaverde"]
[WhiteTeamCountry "ESP"]
[BlackTeamCountry "ESP"]

1. d4 d5 2. c4 c6 3. cxd5 cxd5 4. Bg5 Nf6 5. Bxf6 gxf6 6. Nc3 Nc6 7. e3 e6 8.
Nf3 Bd7 9. Bd3 Bd6 10. Rc1 Rc8 11. O-O f5 12. g3 a6 13. a3 O-O 14. Nh4 Qf6 15.
Qh5 Ne7 16. Kh1 Ng6 17. Ng2 Kh8 18. Qf3 Rg8 19. Ne2 Qe7 20. Nef4 Nxf4 21. Nxf4
Qg5 22. Qe2 Rxc1 23. Rxc1 Rc8 24. Rxc8+ Bxc8 25. Qc2 Qd8 26. Ne2 Qc7 27. Nc3 h6
28. Kg2 Kg7 29. Na4 Qxc2 30. Bxc2 Bd7 31. Nc3 Kf6 32. h3 Bc6 33. Bd3 Kg5 34.
f4+ Kf6 35. Kf3 Kg7 36. Be2 Kf6 37. g4 fxg4+ 38. hxg4 Ke7 39. Bd3 f6 40. Bb1 b5
41. Bd3 1/2-1/2

[Event "Liga Madrileña - DH 2017-2018"]
[Site "Madrid ESP"]
[Date "2018.02.25"]
[Round "11.35"]
[White "Garcia Dorado, Alberto"]
[Black "Dominguez Fernandez, Angel I"]
[Result "1/2-1/2"]
[WhiteElo "2143"]
[BlackElo "2234"]
[PlyCount "43"]
[EventDate "2017.11.19"]
[EventType "team-tourn"]
[EventRounds "14"]
[EventCountry "ESP"]
[SourceTitle "Ajedrez en Madrid"]
[Source "lmi"]
[SourceDate "2017.11.19"]
[WhiteTeam "Villaverde"]
[BlackTeam "Virgen de Atocha"]
[WhiteTeamCountry "ESP"]
[BlackTeamCountry "ESP"]

1. d4 d5 2. c4 e6 3. Nf3 c6 4. Qc2 Nf6 5. g3 Bb4+ 6. Bd2 Bd6 7. Bg2 O-O 8. O-O
Nbd7 9. Bg5 h6 10. Bxf6 Qxf6 11. Nbd2 Bc7 12. e4 dxc4 13. e5 Qe7 14. Qxc4 Nb6
15. Qc2 Rd8 16. Ne4 Nd5 17. a3 Bb6 18. Rfd1 Bd7 19. Nd6 Be8 20. Ne4 Nc7 21. Rd2
Nb5 22. Rad1 1/2-1/2

[Event "Liga Madrileña - DH 2017-2018"]
[Site "Madrid ESP"]
[Date "2018.02.25"]
[Round "11.36"]
[White "Vazquez Torres, Adrian"]
[Black "Lopez Andujar Ocaña, Antonio"]
[Result "1-0"]
[WhiteElo "2174"]
[BlackElo "2070"]
[PlyCount "75"]
[EventDate "2017.11.19"]
[EventType "team-tourn"]
[EventRounds "14"]
[EventCountry "ESP"]
[SourceTitle "Ajedrez en Madrid"]
[Source "lmi"]
[SourceDate "2017.11.19"]
[WhiteTeam "Virgen de Atocha"]
[BlackTeam "Villaverde"]
[WhiteTeamCountry "ESP"]
[BlackTeamCountry "ESP"]

1. e4 e5 2. Nf3 Nc6 3. d4 exd4 4. Bc4 Nf6 5. e5 d5 6. Bb5 Ne4 7. Nxd4 Bd7 8.
Bxc6 bxc6 9. O-O Bc5 10. f3 Ng5 11. f4 Ne4 12. Be3 Bb6 13. c4 c5 14. Nf3 d4 15.
Bc1 Bc6 16. Qd3 Qd7 17. Re1 Qf5 18. Ng5 Ng3 19. Qxg3 h6 20. Nf3 O-O-O 21. Nh4
Qc2 22. Na3 Qh7 23. f5 Kb7 24. Bd2 Rhe8 25. Qd3 g5 26. fxg6 fxg6 27. Re2 Re6
28. Nc2 Qe7 29. Nxg6 Rxg6 30. Qxg6 d3 31. Rf2 dxc2 32. Re1 Rxd2 33. Rxd2 Ba5
34. Qxc2 h5 35. Re3 Bxd2 36. Qxd2 h4 37. h3 Qg5 38. Rb3+ 1-0

[Event "Liga Madrileña - DH 2017-2018"]
[Site "Madrid ESP"]
[Date "2018.02.25"]
[Round "11.41"]
[White "Vazquez Igarza, Renier"]
[Black "Martinez Reyes, Pedro Ramon"]
[Result "1-0"]
[WhiteElo "2572"]
[BlackElo "2414"]
[PlyCount "121"]
[EventDate "2017.11.19"]
[EventType "team-tourn"]
[EventRounds "14"]
[EventCountry "ESP"]
[SourceTitle "Ajedrez en Madrid"]
[Source "lmi"]
[SourceDate "2017.11.19"]
[WhiteTeam "Collado Villalba"]
[BlackTeam "Blanco y Negro"]
[WhiteTeamCountry "ESP"]
[BlackTeamCountry "ESP"]

1. Nf3 Nf6 2. c4 g6 3. Nc3 Bg7 4. e4 O-O 5. d4 c6 6. h3 d5 7. e5 Ne4 8. Bd3
Nxc3 9. bxc3 dxc4 10. Bxc4 c5 11. O-O cxd4 12. cxd4 Nc6 13. Bg5 Na5 14. Bd3 Be6
15. Be4 Bc4 16. Re1 Rc8 17. Qa4 b5 18. Qa3 f6 19. exf6 exf6 20. Bd2 Nc6 21.
Bxc6 Rxc6 22. Qxa7 Rc7 23. Qa3 Qd5 24. Qb2 Ra8 25. a3 Bd3 26. Rac1 Rxc1 27.
Rxc1 Bc4 28. Re1 Kf7 29. Bb4 Re8 30. Rxe8 Kxe8 31. Nd2 Kd7 32. Nxc4 Qxc4 33.
Qd2 f5 34. Bc5 Bf6 35. Qf4 Qe6 36. Qb8 Qc6 37. Qg8 Bxd4 38. Qxh7+ Kc8 39. Qg8+
Kd7 40. Qf7+ Kc8 41. Qf8+ Kd7 42. Qe7+ Kc8 43. Bxd4 Qc1+ 44. Kh2 Qf4+ 45. Kg1
Qc1+ 46. Kh2 Qf4+ 47. g3 Qxd4 48. Kg1 Qd1+ 49. Kg2 Qd5+ 50. Kh2 Qc6 51. Qe5 Kd7
52. g4 fxg4 53. hxg4 Qd6 54. Qxd6+ Kxd6 55. f4 Kd5 56. Kg2 Kd4 57. Kf3 Kc4 58.
f5 gxf5 59. gxf5 Kd5 60. Kg4 Ke5 61. Kg5 1-0

[Event "Liga Madrileña - DH 2017-2018"]
[Site "Madrid ESP"]
[Date "2018.02.25"]
[Round "11.43"]
[White "Rodriguez Cespedes, Amador"]
[Black "Alarcia Astiz, Carlos"]
[Result "1/2-1/2"]
[WhiteElo "2403"]
[BlackElo "2275"]
[PlyCount "82"]
[EventDate "2017.11.19"]
[EventType "team-tourn"]
[EventRounds "14"]
[EventCountry "ESP"]
[SourceTitle "Ajedrez en Madrid"]
[Source "lmi"]
[SourceDate "2017.11.19"]
[WhiteTeam "Collado Villalba"]
[BlackTeam "Blanco y Negro"]
[WhiteTeamCountry "ESP"]
[BlackTeamCountry "ESP"]

1. Nf3 Nf6 2. g3 g6 3. Bg2 Bg7 4. O-O O-O 5. c4 c5 6. d4 cxd4 7. Nxd4 Nc6 8.
Nc3 Nxd4 9. Qxd4 d6 10. Qd3 Nd7 11. b3 Nc5 12. Qd2 a5 13. Ba3 Be6 14. Rac1 Qc8
15. Rfd1 Rb8 16. Nb5 b6 17. Bb2 Bh3 18. Bxg7 Kxg7 19. Bh1 Bd7 20. Nc3 Bc6 21.
Bxc6 Qxc6 22. Qe3 Rfe8 23. Rd4 Ne6 24. Rh4 h5 25. Rd1 Qc5 26. Qe4 Qe5 27. Qc2
f5 28. Nd5 Nc5 29. Rhd4 Rec8 30. Nc3 Rf8 31. Qd2 Kh7 32. Nd5 Rfe8 33. f3 Rb7
34. Kf2 Rf8 35. Qe3 Qxe3+ 36. Kxe3 Kg7 37. h4 Kf7 38. Nc3 Rc8 39. Nb5 Rbb8 40.
Na7 Rc7 41. Nb5 Rcc8 1/2-1/2

[Event "Liga Madrileña - DH 2017-2018"]
[Site "Madrid ESP"]
[Date "2018.02.25"]
[Round "11.44"]
[White "Shen, Yue"]
[Black "Martin Duque, Jesus"]
[Result "0-1"]
[WhiteElo "2281"]
[BlackElo "2346"]
[PlyCount "86"]
[EventDate "2017.11.19"]
[EventType "team-tourn"]
[EventRounds "14"]
[EventCountry "ESP"]
[SourceTitle "Ajedrez en Madrid"]
[Source "lmi"]
[SourceDate "2017.11.19"]
[WhiteTeam "Blanco y Negro"]
[BlackTeam "Collado Villalba"]
[WhiteTeamCountry "ESP"]
[BlackTeamCountry "ESP"]

1. d4 Nf6 2. c4 e6 3. g3 d5 4. Nf3 Be7 5. Bg2 O-O 6. Qc2 c5 7. O-O cxd4 8. Nxd4
Na6 9. cxd5 Nb4 10. Qb3 e5 11. Nb5 Nbxd5 12. Rd1 Be6 13. e4 Nf4 14. Rxd8 Ne2+
15. Kf1 Bxb3 16. Rxa8 Rxa8 17. axb3 Nxc1 18. Nd2 Rd8 19. Rxc1 Rxd2 20. Rc7 Bf8
21. Rxb7 Ng4 22. h3 Nxf2 23. Ke1 Rxb2 24. Nxa7 Nd3+ 25. Kf1 Rf2+ 26. Kg1 Ra2
27. Nc6 Bc5+ 28. Kf1 Rf2+ 29. Kg1 Rf6+ 30. Kh2 Rxc6 31. Bf1 Nb4 32. Bc4 Rf6 33.
Rb8+ Bf8 34. Kg2 Nc2 35. Be2 g6 36. h4 h5 37. Re8 Ne1+ 38. Kg1 Kg7 39. Rc8 Nf3+
40. Kg2 Nd4 41. Bc4 Bb4 42. Rd8 Be1 43. Rd5 Rf2+ 0-1

[Event "Liga Madrileña - DH 2017-2018"]
[Site "Madrid ESP"]
[Date "2018.02.25"]
[Round "11.45"]
[White "Ortega Ruiz, Jose Miguel"]
[Black "Beltran de Heredia Eguiaz, Miguel Angel"]
[Result "1/2-1/2"]
[WhiteElo "2285"]
[BlackElo "2224"]
[PlyCount "65"]
[EventDate "2017.11.19"]
[EventType "team-tourn"]
[EventRounds "14"]
[EventCountry "ESP"]
[SourceTitle "Ajedrez en Madrid"]
[Source "lmi"]
[SourceDate "2017.11.19"]
[WhiteTeam "Collado Villalba"]
[BlackTeam "Blanco y Negro"]
[WhiteTeamCountry "ESP"]
[BlackTeamCountry "ESP"]

1. d4 Nf6 2. c4 g6 3. Nc3 Bg7 4. e4 d6 5. Nf3 O-O 6. Be2 e5 7. dxe5 dxe5 8.
Qxd8 Rxd8 9. Bg5 Re8 10. O-O-O Na6 11. Nd2 Nc5 12. Be3 Bf8 13. Nd5 Nxd5 14.
cxd5 Bd7 15. Kb1 a5 16. Rc1 b6 17. f3 f5 18. Rc3 Bd6 19. Rhc1 fxe4 20. fxe4 Rf8
21. Bf3 a4 22. Nc4 Bb5 23. Nxd6 cxd6 24. Kc2 h5 25. Kd2 Kg7 26. Bg5 Rf7 27. Ke3
Kh7 28. b4 axb3 29. axb3 Ra2 30. b4 Na6 31. Bd8 Rb2 32. Bxb6 Nxb4 33. Rc7
1/2-1/2

[Event "Liga Madrileña - DH 2017-2018"]
[Site "Madrid ESP"]
[Date "2018.02.25"]
[Round "11.46"]
[White "Nieto Perez, Juan V"]
[Black "Yingrui, Lin"]
[Result "0-1"]
[WhiteElo "1922"]
[BlackElo "2142"]
[PlyCount "52"]
[EventDate "2017.11.19"]
[EventType "team-tourn"]
[EventRounds "14"]
[EventCountry "ESP"]
[SourceTitle "Ajedrez en Madrid"]
[Source "lmi"]
[SourceDate "2017.11.19"]
[WhiteTeam "Alcorcon"]
[BlackTeam "La Casa del Ajedrez"]
[WhiteTeamCountry "ESP"]
[BlackTeamCountry "ESP"]

1. Nf3 Nf6 2. d4 e6 3. e3 b6 4. Bd3 Bb7 5. Nbd2 c5 6. b3 Nc6 7. Bb2 cxd4 8.
exd4 Be7 9. O-O O-O 10. a3 Rc8 11. Re1 d6 12. c4 Re8 13. Rc1 Nb8 14. Qe2 Nbd7
15. Ne4 Nf8 16. Nxf6+ Bxf6 17. Be4 d5 18. Bb1 dxc4 19. bxc4 Bxf3 20. Qxf3 Bxd4
21. Red1 e5 22. Qe4 Qf6 23. Bxd4 exd4 24. Qxd4 Re1+ 25. Rxe1 Qxd4 26. Red1 Rxc4
0-1

[Event "Liga Madrileña - DH 2017-2018"]
[Site "Madrid ESP"]
[Date "2018.02.25"]
[Round "11.46"]
[White "Bento Iglesias, Pablo"]
[Black "Cao Armillas, Jesus"]
[Result "1/2-1/2"]
[WhiteElo "1983"]
[BlackElo "2079"]
[PlyCount "77"]
[EventDate "2017.11.19"]
[EventType "team-tourn"]
[EventRounds "14"]
[EventCountry "ESP"]
[SourceTitle "Ajedrez en Madrid"]
[Source "lmi"]
[SourceDate "2017.11.19"]
[WhiteTeam "Blanco y Negro"]
[BlackTeam "Collado Villalba"]
[WhiteTeamCountry "ESP"]
[BlackTeamCountry "ESP"]

1. e4 c5 2. c3 e5 3. d3 Nc6 4. g3 g6 5. Bg2 Bg7 6. Ne2 Nge7 7. O-O O-O 8. f4 f5
9. fxe5 fxe4 10. Rxf8+ Kxf8 11. d4 d5 12. exd6 Qxd6 13. Bf4 Qd5 14. Nd2 cxd4
15. Nxe4 dxc3 16. N2xc3 Qd4+ 17. Kh1 Qxd1+ 18. Rxd1 Bg4 19. Re1 Rd8 20. Nc5 b6
21. Ne6+ Bxe6 22. Rxe6 Bxc3 23. Bxc6 Nxc6 24. bxc3 Nb8 25. Kg2 Kf7 26. Rd6 Rxd6
27. Bxd6 Nd7 28. Kf3 Ke6 29. Bc7 Nc5 30. c4 Na6 31. Bf4 Nb4 32. a4 Nd3 33. Bb8
a6 34. Bc7 Ne5+ 35. Bxe5 Kxe5 36. Ke3 a5 37. Kd3 g5 38. Ke3 h5 39. h4 1/2-1/2